Companion encyclopedia of psychology (Record no. 11727)

MARC details
000 -LEADER
fixed length control field 00447nam a2200145Ia 4500
082 ## - DEWEY DECIMAL CLASSIFICATION NUMBER
Classification number RR 150.3 COM-
245 #0 - TITLE STATEMENT
Title Companion encyclopedia of psychology
260 ## - PUBLICATION, DISTRIBUTION, ETC. (IMPRINT)
Place of publication London
Name of publisher Routledge
Year of publication 1994
300 ## - PHYSICAL DESCRIPTION
Number of Pages 2v.
500 ## - GENERAL NOTE
General note Contents: Vol.1 (0-415-10704-0) (xxvii, 680p.). - v.2 (0-415-10705-9) (x, 681 -1356p.).
504 ## - BIBLIOGRAPHY, ETC. NOTE
Bibliography, etc Includes index and glossary
650 ## - SUBJECT ADDED ENTRY--TOPICAL TERM
Topical Term Psychology - Encyclopedias
700 ## - ADDED ENTRY--PERSONAL NAME
Personal name Colman, Andrew M.
942 ## - ADDED ENTRY ELEMENTS (KOHA)
Koha item type Books
Source of classification or shelving scheme Dewey Decimal Classification
Holdings
Withdrawn status Lost status Damaged status Not for loan Home library Current library Date acquired Bill Date Full call number Accession Number Price effective from Koha item type
        NASSDOC Library NASSDOC Library 08/06/2004 2008-12-30 RR 150.3 COM- 35660 18/04/2019 Books
        NASSDOC Library NASSDOC Library 08/06/2004 2008-12-30 RR 150.3 COM- 35661 18/04/2019 Books